The sands of time

Bibliographic Details
Main Author: Sheldon, Sidney
Format: Book
Published: New York : William Morrow and Company , 1988

MARC

LEADER 00000cam a2200000 7i4500
001 0000000480
002 000000562
005 20000330.0
020 |a 0688065716 
090 0 0 |a F   |b SHE 
100 1 |a Sheldon, Sidney 
245 1 4 |a The sands of time   |c Sidney Sheldon 
260 |a New York :   |b William Morrow and Company ,   |c 1988 
300 |a 412 p. ;   |c 23 cm. 
999 |a 029791   |b BUKU   |c PINJAMAN   |e PERPUSTAKAAN KOMUNITI PETALING JAYA 
999 |a 029792   |b BUKU   |c PINJAMAN   |e PERPUSTAKAAN KOMUNITI PETALING JAYA 
999 |a 029793   |b BUKU   |c PINJAMAN   |e PERPUSTAKAAN KOMUNITI PETALING JAYA